000 01038pam a2200277 a 4500
003 OSt
005 20250425094931.0
008
020 _a9780323339278 (hardcover)
040 _aNUST
_cNUST
_beng
_dNUST
_erda
050 0 0 _aRM735 PED
245 0 0 _aOccupational therapy :
_bpractice skills for physical dysfunction /
_cedited by Heidi McHugh Pendleton and Winifred Schultz Krohn.
250 _aEighth edition.
260 _aSt Lious :
_bElsevier,
_c2018.
300 _axiv, 1241 pages :
_bIllustrations ;
_c25 cm.
336 _atext
_btxt
_2rdacontent
337 _aunmediated
_bn
_2rdamedia
338 _avolume
_bnc
_2rdacarrier
504 _aIncludes bibliographical references and index.
650 0 _vPeople with disabilities -- Rehabilitation.
650 0 _vOccupational therapy.
650 0 _vDisabled Persons.
700 1 _aPendleton, Heidi McHugh
_eEditor
700 1 _aSchultz Krohn, Winifred
_eEditor
942 _cBOOKS
_2lcc
_eEighth edition.
_hRM735 PED
_kRM
_mPED
_n0
999 _c120716
_d120716